000
00253nam a22001097a 4500
082
_a
355.02 HEI'W
100
_a
HEILBRUNN, OTTO
_9
48647
245
_a
WARFARE IN THE ENEMEY'S REAR
260
_a
LONDON
_b
GEORGE ALLEN
_c
1963
300
_a
232P
942
_c
BK
999
_c
582202
_d
582202